|
|
|
|
| LEADER |
01700nam a2200409 a 4500 |
| 001 |
EBC168396 |
| 003 |
MiAaPQ |
| 005 |
20200520144314.0 |
| 006 |
m o d | |
| 007 |
cr cn||||||||| |
| 008 |
950210r20031995enka sb 001 0 eng |
| 010 |
|
|
|z 95007345
|
| 020 |
|
|
|z 0415126878
|
| 020 |
|
|
|a 0203208617 (electronic bk.)
|
| 035 |
|
|
|a (MiAaPQ)EBC168396
|
| 035 |
|
|
|a (Au-PeEL)EBL168396
|
| 035 |
|
|
|a (CaPaEBR)ebr10070815
|
| 035 |
|
|
|a (CaONFJC)MIL3164
|
| 035 |
|
|
|a (OCoLC)437077299
|
| 040 |
|
|
|a MiAaPQ
|c MiAaPQ
|d MiAaPQ
|
| 050 |
|
4 |
|a HD6223
|b .W654 2003
|
| 082 |
0 |
4 |
|a 331.4/09172/4
|2 20
|
| 245 |
0 |
0 |
|a Women encounter technology
|h [electronic resource] :
|b changing patterns of employment in the Third World /
|c edited by Swasti Mitter and Sheila Rowbotham.
|
| 260 |
|
|
|a London ;
|a New York :
|b Routledge,
|c 2003.
|
| 300 |
|
|
|a xvii, 356 p. :
|b ill.
|
| 490 |
1 |
|
|a UNU/INTECH studies in new technology and development,
|x 1359-7922 ;
|v 1
|
| 500 |
|
|
|a "Published in association with the UNU Press."
|
| 504 |
|
|
|a Includes bibliographical references and index.
|
| 533 |
|
|
|a Electronic reproduction. Ann Arbor, MI : ProQuest, 2015. Available via World Wide Web. Access may be limited to ProQuest affiliated libraries.
|
| 650 |
|
0 |
|a Women
|x Employment
|x Effect of technological innovations on
|z Developing countries.
|
| 650 |
|
0 |
|a Information technology
|z Developing countries.
|
| 655 |
|
4 |
|a Electronic books.
|
| 700 |
1 |
|
|a Mitter, Swasti,
|d 1939-
|
| 700 |
1 |
|
|a Rowbotham, Sheila.
|
| 710 |
2 |
|
|a ProQuest (Firm)
|
| 830 |
|
0 |
|a UNU/INTECH studies in new technology and development ;
|v 1.
|
| 856 |
4 |
0 |
|u https://ebookcentral.proquest.com/lib/matrademy/detail.action?docID=168396
|z Click to View
|